ज्योतिराव फुले का सामाजिक एवं राजनितिक दर्शन एक अनुशीलन / (Record no. 198862)
[ view plain ]
| 000 -LEADER | |
|---|---|
| fixed length control field | 00798nam a22001817a 4500 |
| 005 - DATE AND TIME OF LATEST TRANSACTION | |
| control field | 20231108151408.0 |
| 010 ## - LCCN (DPL NO) | |
| LC control number | HIN-126181 |
| 020 ## - INTERNATIONAL STANDARD BOOK NUMBER | |
| International Standard Book Number | 978938256118 |
| Terms of availability | 300.00 |
| 035 ## - SYSTEM CONTROL NUMBER | |
| System control number | HN-98527 |
| 037 ## - SOURCE OF ACQUISITION | |
| Source of stock number/acquisition | DBAD/PUB |
| 082 ## - DEWEY DECIMAL CLASSIFICATION NUMBER | |
| Classification number | 321.54 |
| 100 ## - MAIN ENTRY--PERSONAL NAME | |
| Personal name | सैनी, मोहनलाल |
| 245 ## - TITLE STATEMENT | |
| Title | ज्योतिराव फुले का सामाजिक एवं राजनितिक दर्शन एक अनुशीलन / |
| Statement of responsibility, etc | मोहनलाल सैनी |
| 260 ## - PUBLICATION, DISTRIBUTION, ETC. (IMPRINT) | |
| Place of publication, distribution, etc | जयपुर |
| Name of publisher, distributor, etc | आयुष पब्लिकेशन |
| Date of publication, distribution, etc | 2021 |
| 270 ## - ADDRESS | |
| Address | 36/64 किरण पथ मानसरोवर |
| City | जयपुर |
| 300 ## - PHYSICAL DESCRIPTION | |
| Extent | 192 पृष्ठ |
| Dimensions | 23 (सजिल्द) |
| 942 ## - ADDED ENTRY ELEMENTS (KOHA) | |
| Item type | Hindi Books |
| Classification part | 321.54 |
| Source of classification or shelving scheme | Dewey Decimal Classification |
| Call number suffix | सैनीमो |
| Withdrawn status | Lost status | Not for loan | Collection code | Home library | Current library | Date acquired | Source of acquisition | Cost, normal purchase price | Full call number | Barcode | Copy number | Cost, replacement price | Koha item type |
|---|---|---|---|---|---|---|---|---|---|---|---|---|---|
| Non-fiction | Bawana | Bawana | 26/10/2023 | DBAD/PUB | 300.00 | 321.54 सैनीमो | HN-98527 | 1 | 300.00 | Hindi Books |
